000 00572cam a22002291 4500
001 sa 66001105
003 DLC
005 20260227112219.0
008 861222s1962 ii 000 0 eng
010 _asa 66001105
025 _aPL480:I-E-5388
035 _a(OCoLC)14998789
040 _aDLC
_cWaU
_dDLC
050 0 0 _aHD876
_b.A5
110 1 _aIndia.
_bMinistry of Health.
245 1 0 _aPaper on urban land policy.
260 _a[Delhi,
_c1962]
300 _a45 p.
_c24 cm.
500 _aCover title.
650 0 _aLand
_zIndia.
650 0 _aCity planning
_zIndia.
999 _c67597
_d67597